000 00748nam a2200253Ia 4500
003 OSt
005 20220928125329.0
006 a|||||r|||| 00| 0
007 ta
008 220927b |||||||| |||| 00| 0 eng d
020 _cINR 425.00
024 _a137625
037 _b320, 07/03/2018, Classic Book Service
_cTextual
040 _aSDCL
_cSDCL
_beng
041 _2eng
_aeng
082 _aD65,4:(B252), Q0
100 _aSekar V. Chandra
_9469286
245 0 _aAnalog communication
260 _aNew Delhi
_bOxford University Press
_c2010
300 _axvii,557p.
_ccm.
650 _aI I C
942 _hD65,4:(B252), Q0
_cTEXL
_2CC
999 _c781951
_d781951